Effect of long-term operation on steels of main gas pipeline. Reduction of static fracture toughness; Journal of Natural Gas Science and Engineering; Vol. 38

Bibliografiske detaljer
Parent link:Journal of Natural Gas Science and Engineering
Vol. 38.— 2017.— [P. 182-186]
Institution som forfatter: Национальный исследовательский Томский политехнический университет Инженерная школа новых производственных технологий Отделение материаловедения
Andre forfattere: Maruschak P. O. Pavel Orestovich, Panin S. V. Sergey Viktorovich, Chausov M. G., Bishchak R. T. Roman Teodorovich, Polyvana U. V.
Summary:Title screen
The effect of the long-term operation on changes in the parameters of fracture toughness and a tendency for a delayed fracture of the steel of main gas pipelines is investigated. Based on the method of the full strain diagrams the general regularities of operational degradation influence onto the static fracture toughness and microscale failure mechanisms of 17MnSi steel after long term operation have been established. Generalization of results on the influence of absorbed hydrogen onto the pipeline steel structure and fracture pattern made possible to systemize the data on dispersed damage accumulation. The schematization of fracture mechanisms of 17MnSi steel is offered. The proposed approaches to the study of static fracture toughness of the steel of the main gas pipelines can be used in the evaluation of their technical conditions and planning of their overhaul.
Режим доступа: по договору с организацией-держателем ресурса
Sprog:engelsk
Udgivet: 2017
Fag:
Online adgang:https://doi.org/10.1016/j.jngse.2016.12.015
Format: MixedMaterials Electronisk Book Chapter
KOHA link:https://koha.lib.tpu.ru/cgi-bin/koha/opac-detail.pl?biblionumber=657958

MARC

LEADER 00000naa0a2200000 4500
001 657958
005 20250124151433.0
035 |a (RuTPU)RU\TPU\network\24898 
035 |a RU\TPU\network\24741 
090 |a 657958 
100 |a 20180418d2017 k||y0engy50 ba 
101 0 |a eng 
102 |a NL 
135 |a drcn ---uucaa 
181 0 |a i  
182 0 |a b 
200 1 |a Effect of long-term operation on steels of main gas pipeline. Reduction of static fracture toughness  |f P. O. Maruschak [et al.] 
203 |a Text  |c electronic 
300 |a Title screen 
320 |a [References: p. 186 (20 tit.)] 
330 |a The effect of the long-term operation on changes in the parameters of fracture toughness and a tendency for a delayed fracture of the steel of main gas pipelines is investigated. Based on the method of the full strain diagrams the general regularities of operational degradation influence onto the static fracture toughness and microscale failure mechanisms of 17MnSi steel after long term operation have been established. Generalization of results on the influence of absorbed hydrogen onto the pipeline steel structure and fracture pattern made possible to systemize the data on dispersed damage accumulation. The schematization of fracture mechanisms of 17MnSi steel is offered. The proposed approaches to the study of static fracture toughness of the steel of the main gas pipelines can be used in the evaluation of their technical conditions and planning of their overhaul. 
333 |a Режим доступа: по договору с организацией-держателем ресурса 
461 |t Journal of Natural Gas Science and Engineering 
463 |t Vol. 38  |v [P. 182-186]  |d 2017 
610 1 |a электронный ресурс 
610 1 |a труды учёных ТПУ 
610 1 |a damage 
610 1 |a deformations 
610 1 |a ущерб 
610 1 |a деформация 
610 1 |a эксплуатация 
610 1 |a магистральные газопроводы 
610 1 |a трещиноватость 
701 1 |a Maruschak  |b P. O.  |g Pavel Orestovich 
701 1 |a Panin  |b S. V.  |c specialist in the field of material science  |c Professor of Tomsk Polytechnic University, Doctor of technical sciences  |f 1971-  |g Sergey Viktorovich  |3 (RuTPU)RU\TPU\pers\32910  |9 16758 
701 1 |a Chausov  |b M. G. 
701 1 |a Bishchak  |b R. T.  |g Roman Teodorovich 
701 1 |a Polyvana  |b U. V. 
712 0 2 |a Национальный исследовательский Томский политехнический университет  |b Инженерная школа новых производственных технологий  |b Отделение материаловедения  |3 (RuTPU)RU\TPU\col\23508 
801 2 |a RU  |b 63413507  |c 20190327  |g RCR 
856 4 |u https://doi.org/10.1016/j.jngse.2016.12.015 
942 |c CF